000
00294pam a2200121a 44500
008
230405s2009 xxu||||| |||| 00| 0 eng d
041
_a
ENG
100
_a
Kishori lal
245
_a
Human Resource managemnt
260
_a
Tukhmeerpur
_b
Avinash Paperbacks
_c
2009
300
_a
307
906
_a
9328
999
_c
299827
_d
299827